000 00657nam a2200217 i 4500
001 35840
003 ES-MaACL
005 20230906155227.0
007 t|
008 030214s1981 sp ||||1| spa d
100 1 _aBoulle, Pierre.
_930922
245 1 3 _aEl buen Leviatán /
_cpor Pierre Boulle ; [traducción de Rosalía Vázquez].
250 _a1ª ed.
260 _a[Esplugues de Llobregat] :
_bPlaza & Janés,
_c[1981]
300 _a255 p. ;
_c19 cm.
490 1 _aNovelistas del día
700 1 _aVázquez Tomás, Rosalia.
_9146004
830 0 _aNovelistas del día
_9180813
852 _aES-MaACL
_jL-1705
_bR.101858
999 _c35840
_d35840